| 000 | 00548nam a2200181 i 4500 | ||
|---|---|---|---|
| 001 | 133823 | ||
| 003 | ES-MaACL | ||
| 005 | 20230906194535.0 | ||
| 007 | t| | ||
| 008 | 070830s1953 sp ||||1| spa d | ||
| 100 | 1 |
_aWren, Percival Christopher. _9117398 |
|
| 245 | 1 | 0 |
_aGenio y figura / _cP. C. Wren ; [traducción del inglés por Manuel Bosch Barrett]. |
| 250 | _a[1ª ed.]. | ||
| 260 |
_aBarcelona : _bL. A. R. A., _c[1953] |
||
| 300 |
_a302 p. ; _c19 cm. |
||
| 700 | 1 |
_aBosch Barrett, Manuel. _930649 |
|
| 852 |
_aES-MaACL _jC-6487 _bR.35001 |
||
| 999 |
_c133823 _d133823 |
||